000 01033nam a2200265 i 4500
001 192245
003 SpMaBN
005 20250811104137.0
008 221128q19111928sp a | ||||o000 0 spa
040 _aSpMaBN
_bspa
_cSpMaBN
_erdc
080 _a726.6(460.181 L.)
100 1 _aTorbado y Flórez, Juan.
_9175879
245 1 3 _aLa Catedral de León /
_ccuarenta y ocho ilustraciones, con texto de Juan Torbado y Flórez.
260 _aBarcelona :
_bHijos de J. Thomas,
_c[entre 1911-1928]
300 _a27 p., 48 p. de lám. ;
_c15 cm.
490 1 _aEl arte en España / bajo el patronato de la Comisaría Regia del Turismo y Cultura Artística ;
_v15
546 _aTexto en español, francés e inglés.
610 2 4 _aCatedral de León.
_92516
651 4 _aLeón-
_xEdificios, estructuras, etc.
_9172802
710 1 _aEspaña.
_bComisaría Regia del Turismo.
_9175864
830 1 3 _aEl arte en España
_v15
_9193591
852 4 _aES-MaACL
_jC-32216(3)
999 _c192245
_d192245